Vplyv globálnej krízy na rozvoj malých podnikov vo vybranej oblasti služieb

Výsledky prieskumu, ktorý mapoval záujem o jednotlivé služby skrášľovania tela v období globálnej krízy na Slovensku.

Guardado en:
Detalles Bibliográficos
Autor principal: Gajdová, Denisa, 1977-
Formato: Capítulo de libro
Lenguaje:eslovaco
Materias:
Etiquetas: Agregar Etiqueta
Sin Etiquetas, Sea el primero en etiquetar este registro!

MARC

LEADER 00000nla$a2200000$$$4500
001 0114172
005 20240502072254.4
041 0 |a slo 
044 |a SK 
245 1 0 |a Vplyv globálnej krízy na rozvoj malých podnikov vo vybranej oblasti služieb  |c Denisa Gajdová 
520 |a Výsledky prieskumu, ktorý mapoval záujem o jednotlivé služby skrášľovania tela v období globálnej krízy na Slovensku. 
610 2 0 |a podnik malý 
610 2 0 |a služby 
610 2 0 |a spotrebitelia 
610 2 0 |a kríza hospodárska 
610 2 0 |a globalizácia 
100 1 |a Gajdová, Denisa, 1977-